| 000 | 03080nam a22004578i 4500 | ||
|---|---|---|---|
| 001 | BRILL9789004682214 | ||
| 003 | nllekb | ||
| 005 | 20260415154914.0 | ||
| 006 | m d | ||
| 007 | cr un uuuua | ||
| 008 | 231123s2024 gw sb 001 0 eng d | ||
| 010 | _a 2023034017 | ||
| 020 |
_a9789004682214 _q(electronic book) |
||
| 020 |
_z9789004682207 _q(print) |
||
| 024 | 7 |
_a110.1163/9789004682214 _2DOI |
|
| 035 | _z(OCoLC)1399562548 | ||
| 040 |
_aNL-LeKB _cNL-LeKB _erda |
||
| 041 | _aeng | ||
| 050 | 4 | _aHD82 | |
| 072 | 7 |
_aHBLA1 _2bicssc |
|
| 072 | 7 |
_aHIS _x002000 _2bisacsh |
|
| 072 | 7 |
_aHIS _x039000 _2bisacsh |
|
| 082 | 0 | 4 |
_a330.9369202 _223 |
| 100 | 1 |
_aTimmerman, Erik, _eauthor. |
|
| 245 | 1 | 4 |
_aThe Roman Impact on the Economy of the Lower Germanic Limes Region / _cErik Timmerman. |
| 300 |
_a1 online resource (332 pages) : _billustrations. |
||
| 490 | 1 | _aClassical Studies E-Books Online, Collection 2024 | |
| 490 | 1 |
_aImpact of Empire ; _v48 |
|
| 504 | _aIncludes bibliographical references and index. | ||
| 505 | 0 |
_tFront Matter -- Preliminary Material / _rErik Timmerman -- Copyright Page / _rErik Timmerman -- Dedication / _rErik Timmerman -- Acknowledgements / _rErik Timmerman -- Figures and Tables / _rErik Timmerman -- Chapter 1 Introduction / _rErik Timmerman -- Chapter 2 Setting the Stage / _rErik Timmerman -- Chapter 3 The Roman Impact / _rErik Timmerman -- Chapter 4 Agricultural Production / _rErik Timmerman -- Chapter 5 Non-agricultural Production / _rErik Timmerman -- Chapter 6 Trade / _rErik Timmerman -- Chapter 7 Living Standards / _rErik Timmerman -- Chapter 8 Final Conclusions / _rErik Timmerman -- Back Matter -- Appendix 1 / _rErik Timmerman -- Appendix 2 / _rErik Timmerman -- Appendix 3 / _rErik Timmerman -- Sources and Bibliography / _rErik Timmerman -- Index of Geographical Names / _rErik Timmerman -- Index of Subjects / _rErik Timmerman. |
|
| 520 | _aThe remarkable economic performance of the Roman Empire is now widely acknowledged. Yet there is still much debate about its interpretation. Although this debate is mainly conducted at the empire-wide level, regional syntheses are indispensable to its further advancement. This book contributes to that purpose by providing a comprehensive account of the Roman impact on the economy of the Lower Germanic Limes region. By drawing on a large number of scattered publications and (archaeological) datasets, the work demonstrates that Roman rule also led to important economic developments in a part of the empire that was remote from its Mediterranean heartland. | ||
| 546 | _aEnglish | ||
| 650 | 0 |
_aEconomic development _zRome. |
|
| 651 | 0 |
_aNetherlands _xEconomic conditions. |
|
| 651 | 0 |
_aRome _xEconomic conditions. |
|
| 776 | 0 | 8 |
_iPrint version: _tThe Roman Impact on the Economy of the Lower Germanic Limes Region. _dLeiden ; Boston : Brill, 2024. _z9789004682207 _w(DLC) 2023034016 |
| 830 | 0 | _aClassical Studies E-Books Online, Collection 2024. | |
| 830 | 0 |
_aImpact of Empire ; _v48. |
|
| 856 | 4 | _uhttp://dx.doi.org/10.1163/9789004682214 | |
| 942 |
_2ddc _cE-BOOK |
||
| 999 |
_c49391 _d49391 |
||